Haÿdée ou le secret (Record no. 169432)

MARC details
000 -LEADER
campo de control de longitud fija 00812nam a22001935i 4500
001 - NÚMERO DE CONTROL
campo de control 169432
003 - IDENTIFICADOR DE NÚMERO DE CONTROL
campo de control ES-MaACL
005 - FECHA Y HORA DE LA ÚLTIMA TRANSACCIÓN
campo de control 20230906214106.0
008 - DATOS DE LONGITUD FIJA--INFORMACIÓN GENERAL
campo de control de longitud fija 080911q1848 fr |||| | fre d
080 ## - NÚMERO DE LA CLASIFICACIÓN DECIMAL UNIVERSAL
Número de la Clasificación Decimal Universal 821.133.1-2"18"
100 1# - ENTRADA PRINCIPAL--NOMBRE DE PERSONA
Nombre de persona Scribe, Eugène.
9 (RLIN) 104966
245 10 - MENCIÓN DEL TÍTULO
Título Haÿdée ou le secret
Resto del título : opéra-comique en trois actes /
Mención de responsabilidad, etc. paroles de Eugéne Scribe ; musique de M. Auber ; mise en scène de M. Henry.
260 ## - PUBLICACIÓN, DISTRIBUCIÓN, ETC.
Lugar de publicación, distribución, etc. [S.l. :
Nombre del editor, distribuidor, etc. s.n.,
Fecha de publicación, distribución, etc. ca. 1848] (
Fabricante F. Aureau)
300 ## - DESCRIPCIÓN FÍSICA
Extensión 27 p. ;
Dimensiones 25 cm.
594 ## - Nota al título y mención de responsabilidad
Nota al título y mención de responsabilidad Representé pour la première fois, a Paris, sur le théâtre royal de l'Opera-Comique, le 28 décembre 1847.
700 1# - ENTRADA AGREGADA--NOMBRE PERSONAL
Nombre de persona Auber, Daniel-François-Esprit.
9 (RLIN) 23789
700 1# - ENTRADA AGREGADA--NOMBRE PERSONAL
Nombre de persona Henry, M.
9 (RLIN) 138535
852 4# - LOCALIZACIÓN
Ubicación ES-MaACL
Número de control de estantería 2235-F-10
Nota libre - Falto de portada
-- - Biblioteca Jacinto Martínez Lacalle
Holdings
Estatus retirado Estado de pérdida Estado de daño No para préstamo Colección Biblioteca de origen Biblioteca actual Ubicación en estantería Fecha de adquisición Fuente de adquisición Total de préstamos Signatura topográfica completa Código de barras Visto por última vez Precio de reemplazo Tipo de ítem Koha
        Colección de folletos Biblioteca del Ateneo de Madrid Biblioteca del Ateneo de Madrid Depósito folletos 11/09/2008     2235-F-10 1177877 23/02/2023 23/02/2023 Folleto